Englische handelsfprachlehre / (Record no. 45834)
[ view plain ]
| 000 -LEADER | |
|---|---|
| campo de control de longitud fija | 00456nam a2200157 i 4500 |
| 001 - NÚMERO DE CONTROL | |
| campo de control | 45834 |
| 003 - IDENTIFICADOR DE NÚMERO DE CONTROL | |
| campo de control | ES-MaACL |
| 005 - FECHA Y HORA DE LA ÚLTIMA TRANSACCIÓN | |
| campo de control | 20230906161302.0 |
| 007 - CAMPO FIJO DE DESCRIPCIÓN FÍSICA--INFORMACIÓN GENERAL | |
| campo de control de longitud fija | t| |
| 008 - DATOS DE LONGITUD FIJA--INFORMACIÓN GENERAL | |
| campo de control de longitud fija | 030327s1906 gw ||||1| ger d |
| 100 1# - ENTRADA PRINCIPAL--NOMBRE DE PERSONA | |
| Nombre de persona | Collins, Edward. |
| 9 (RLIN) | 39731 |
| 245 10 - MENCIÓN DEL TÍTULO | |
| Título | Englische handelsfprachlehre / |
| Mención de responsabilidad, etc. | von Edward Collins. |
| 260 ## - PUBLICACIÓN, DISTRIBUCIÓN, ETC. | |
| Lugar de publicación, distribución, etc. | Stuttgart : |
| Nombre del editor, distribuidor, etc. | Adolf Bonz & Com., |
| Fecha de publicación, distribución, etc. | 1906 ( |
| Fabricante | U. Bonz'Erben) |
| 300 ## - DESCRIPCIÓN FÍSICA | |
| Extensión | XII, 234 p. ; |
| Dimensiones | 20 cm. |
| 852 ## - LOCALIZACIÓN | |
| Ubicación | ES-MaACL |
| Número de control de estantería | C-5645 |
| Sublocalización o colección | R.26223 |
| Estatus retirado | Estado de pérdida | Estado de daño | No para préstamo | Biblioteca de origen | Biblioteca actual | Ubicación en estantería | Fecha de adquisición | Fuente de adquisición | Total de préstamos | Signatura topográfica completa | Código de barras | Visto por última vez | Precio de reemplazo | Tipo de ítem Koha |
|---|---|---|---|---|---|---|---|---|---|---|---|---|---|---|
| Biblioteca del Ateneo de Madrid | Biblioteca del Ateneo de Madrid | Sala Palomar | 17/01/2008 | C-5645 | 1048218 | 23/02/2023 | 23/02/2023 | Libro impreso |
